Pékin - Choix multiples - Statistiques

Statistiques générales
  • Ce quiz a été pris 3 146 fois
    3 096 depuis la dernière actualisation
  • Le résultat moyen est 7 sur 10
Statistiques - réponses
Question Réponse % Correct
Quelle est la translitération du nom chinois de Pékin ? Beijing
97%
Quel événement sportif a eu lieu à Pékin en 2008? Jeux olympiques d'été
85%
Laquelle de ces images montre l'emplacement de la province de Pékin?
76%
Lequel de ces plats est typique de Pékin? Canard laqué
73%
Quel est le surnom du stade national de Pékin? Nid d'Oiseau
72%
Sur quelle place centrale de Pékin fut proclamée la République populaire de Chine en 1949 ? Place Tian'anmen
71%
Sous quelle grande dynastie impériale la Cité interdite de Pékin a-t-elle été construite? Ming
60%
Lequel de ces monuments est le Temple du Ciel?
52%
Traditionnellement et symboliquement, combien de pièces compte la Cité interdite de Pékin? 9999
43%
Quel nom porte le conflit qui a vu le quartier des légations de Pékin être assiégé pendant 55 jours? Révolte des Boxers
36%
Aucun quiz correspondant
Distribution des résultats
% des personnes avec chaque résultat
Percentile par nombre de réponses
Votre historique - résultats
Vous n’avez pas pris ce quiz depuis la dernière actualisation